Statistics for 18 Great women leaders of history

Click here to take the quiz!

General Stats

  • This quiz has been taken 29 times
  • The average score is 5 of 18

Answer Stats

HintAnswer% Correct
Queen of the Iceni tribe who revolted against Emperor NeroBoudicca
50%
Legendary woman who was for a long time widely believed to have become popePope Joan
50%
The only female ruler of the Austrian EmpireMaria Theresa
43%
Byzantine empress who championed women's social statusTheodora
39%
Egyptian pharaoh who built great obelisksHatshepsut
36%
First queen of Denmark, unified Scandinavia to make the Kalmar UnionMargaret
36%
Norman queen, first woman to lay claim to the throne of EnglandMatilda
32%
Tang dynasty woman, the only woman ever to become emperor of ChinaWu Zetian
29%
Queen of Palmyra who rose up against Rome and conquered EgyptZenobia
29%
'Great' queen of GeorgiaTamar
21%
First woman to rule the Byzantine Empire in her own right, ended iconoclasmIrene of Athens
18%
Grand empress of Mongolia, helped govern on behalf of her husband Genghis KhanBörte
14%
First Frankish queen, co-founded the Merovingian dynasty, brought Christianity to the western worldClotilde
14%
Transgender Roman emperor who allowed women into the senateElagabalus
14%
The only woman to rule the Mughal Empire, first woman to rule an Islamic nationRazia Sultana
11%
Woman believed to be the only female to rule the Roman Empire in her own rightUlpia Severina
11%
First woman to claim the title 'Empress of all the Spains'Urraca of Leon
11%
Queen of ancient Egypt, first queen regnant in recorded historyMerneith
7%

Score Distribution

Percentile by Number Answered

Percent of People with Each Score

Your Score History

You have not taken this quiz